000 00635nam a2200217 a 4500
001 000023209
005 20200930022048.0
008 101130s1995 pe r 000 0 spa d
020 _a8483896192
040 _aDO-SdBNP
_bspa
_cBNPHU
082 _a928.85
_bM379V
100 1 _aVargas Durand, Luis,
_947781
245 1 0 _aMartín Adán /
_cLuis Vargas Durand.
260 _aLima, Perú :
_bBrasa,
_c1995.
300 _a124, [3] p. ;
_c20 cm.
490 1 _aForjadores del Perú
_v19
600 1 0 _aADÁN, MARTÍN
_d1908-1985
_947782
650 4 _aAutores
_zPeruanos
_947783
830 0 _aForjadores del Perú ;
_v19
_932959
049 _aBNGR
999 _c22706
_d22706